Zázrak obilného zrnka

Bibliographic Details
Main Author: Dvořák, Pavel, 1937-2018 (Author)
Format: Book
Language:Slovak
PhysicalDescription:256 s., 22,14 AH Tab. Obr. Fotogr. 24 cm
Published: Bratislava Tatran 1985
Edition:1. vyd.
Series:Korene
Subjects:

MARC

LEADER 00000nam a2200000 a 4500
001 vtls001087142
003 SK-MaSNL
005 20260311125105.0
008 251029s1985 xo oa 0 slo
015 |a SNBA1986/02 
035 |a SNK000029982 
040 |a SNK  |b slo  |c SNK  |e AACR2 
041 |a slo 
044 |a xo  |c SK 
080 |a 94(437"63"  |2 2001 
100 1 |a Dvořák, Pavel,  |d 1937-2018  |4 aut  |9 200389 
245 1 0 |a Zázrak obilného zrnka  |c Pavel Dvořák ; Jozef Pernecký, Terézia Váleková, Marta Novotná, Jozef Krátky, V. Jílková 
250 |a 1. vyd. 
260 |a Bratislava  |b Tatran  |c 1985  |e Bratislava  |f Pravda 
300 |a 256 s., 22,14 AH  |b Tab. Obr. Fotogr.  |c 24 cm 
366 |e 5000 výtl. 
490 1 |a Korene  |v Zv. 18 
500 |a Lit. 163. Ilustr. na predsádkach. 163 zázn. v slov., češ. a nem. 
650 0 7 |a pravek  |2 SNKPH  |9 4261 
650 0 7 |a archeologické nálezy  |2 SNKPH  |9 4975 
651 7 |a Československo  |2 SNKPH  |9 21376 
700 1 |a Pernecký, Jozef  |4 bkd  |9 246322 
700 1 |a Váleková, Terézia  |4 bkd  |9 308322 
700 1 |a Novotná, Marta  |4 bkd  |9 9922 
700 1 |a Krátky, Jozef  |4 bkd  |9 9733 
700 1 |a Jílková, V.  |4 bkd  |9 435354 
830 0 |a Korene  |9 278372 
852 |a Slovenská národná knižnica 
954 |a Česko-Slovensko  |a pravek  |a osídlenie  |a kultúra 
958 |a OND 
958 |a NB 
958 |a SP 
958 |a TL 
999 |c 688855  |d 690785 
952 |a SNK  |b SNK  |y VYP  |7 0  |p 17A0054280  |o snkSC 65107 D1  |i snkKSP 10896/85  |0 0  |1 0  |4 0  |d 1997-04-02  |l 0  |r 2004-12-31 00:00:00  |w 2026-02-23